00605nam a22001337a 450000500170000000800410001705000330005810000200009124501120011126000340022330000170025750000400027465001570031420250812120657.0250812b |||||||| |||| 00| 0 eng d aTHE HG 4027.7 .O43 2007bC.1 aOmar, Nagib Ali aEffects of Financial Planning on Business Performance: A Case Study of Small Businesses in Malindi District aKisiibKisii Universityc2007 ax, 60p.:ill. aIncludes bibliographical references a1. Small business—Finance—Kenya. 2. Financial planning—Kenya. 3. Business performance—Kenya. 4. Business enterprises—Kenya—Malindi District.